Normal view MARC view
  • Sánchez Aguirre, Bertha Alejandra

Entry Nombre Corporativo

Number of records used in: 1

001 - NÚMERO DE CONTROL

  • campo de control: 59373

003 - IDENTIFICADOR DE NUMERO DE CONTROL

  • campo de control: MX-MxUPN

005 - FECHA Y HORA DE LA ÜLTIMA TRANSACCIÓN

  • campo de control: 20260427090539.0

008 - DATOS DE LONGITUD FIJA

  • campo de control de longitud fija: 260427|n ac|nnaabn | aaa d

040 ## - FUENTE DE CATALOGACIÓN

  • Agencia original de catalogación: MX-MxUPN
  • Lenguaje de catalogación: spa

110 1# - ENCABEZAMIENTO - NOMBRE CORPORATIVO

  • Nombre corporativo o de jurisdicción como elemento de entrada : Sánchez Aguirre, Bertha Alejandra

670 ## - FUENTE EN LA QUE SE LOCALIZARON DATOS

  • Cita de la fuente : Elementos de matemática 1: educación media básica, 1990:
  • Información localizada: portada (Bertha Alejandra Sánchez Aguirre)

902 ## - CATALOGADOR

  • Catalogador: JohanaAllegre/270426